000 00408nam a2200181Ia 4500
005 20240823054852.0
008 240823s9999||||xx |||||||||||||| ||und||
041 _aENGLISH
082 _A823.4 P5
100 _aSeshadri K G
245 4 _aThe Tuneful Voice
250 _a1st
260 _c2005
_bAnuradha Publica
500 _aTRANSFERED
650 _aEnglish
_bEnglish
942 _cBK
999 _c227469
_d227469